| 000 | 00393 a2200145 4500 | ||
|---|---|---|---|
| 040 |
_aDLC _bDLC |
||
| 082 | _a621.8 | ||
| 100 | _aSingh, Sadhu. | ||
| 245 |
_aTheory of machines _cSadhu Singh |
||
| 260 |
_aNew Delhi : _bPearson Education, _cc2002 |
||
| 300 |
_axii, 561 p. : _b ill., _c24 cm. |
||
| 500 | _aIncludes Index | ||
| 650 | _aMechanics, Applied.2.Machinery. | ||
| 942 |
_cBK _k621.8 SIN _2ddc |
||
| 999 |
_c8474 _d8474 |
||